| 000 | 00670nam a22001937a 4500 | ||
|---|---|---|---|
| 999 |
_c169137 _d169137 |
||
| 005 | 20191107161107.0 | ||
| 010 | _aB-730889 | ||
| 020 |
_a9788181533463 _c70.00 |
||
| 035 | _aB-730889 | ||
| 037 | _bRainbow Books | ||
| 082 | _aS | ||
| 245 | _aRainbow sticker fun snow white and seven dwarfs / | ||
| 260 |
_aDelhi _bRainbow Books _c2018 |
||
| 270 |
_aF-32, Strret No.-12, Parwana Road, Jagat Puri _bDelhi _e110051 |
||
| 300 |
_a16p. _c27cm (pbk) _bill. |
||
| 490 | _aSticker fun fairy tales | ||
| 942 |
_2ddc _cCH _mRAI _hS |
||